| 000 | 00676cam a22002054a 4500 | ||
|---|---|---|---|
| 005 | 20250605164118.0 | ||
| 008 | 250528s ||||||||||||||||||||||||d | ||
| 035 | _a18156 | ||
| 020 | _a273021885 | ||
| 040 |
_aGR-AtMCL _bgre _dGR-AtMCL _eAACR2 |
||
| 245 | 1 | _aPascal / An Introduction to Methodical Programming | |
| 250 | _a3rd | ||
| 260 |
_bPitman Publishing, _c1985 |
||
| 520 | _aPreface, First Steps in Programming, Further Simple Data Types, Arrays and Strings, Subprograms, Further Data Structures, Additional Topics, Appendices, Index. | ||
| 700 | 1 |
_aFindlay William _91558 |
|
| 700 | 1 |
_aWatt David A _91560 |
|
| 942 | _cBK | ||
| 999 |
_c3537 _d3537 |
||